000 00600nam a22001457a 4500
005 20240726103541.0
008 240726b ||||| |||| 00| 0 eng d
050 _aREF
245 _aLearning process: The commonwealth diploma in youth development
_ccommonwealth
260 _aLondon
_bCommonwealth secretariate
_c2007
300 _a304 p,:
_c29cm
500 _aIncludes references
505 _aContents: What is learning? -- How do adults learn? -- Education for all -- Informal education -- What helps and what hinders learning? -- Learning styles -- Facilitating adult learning
942 _2lcc
_cBK
999 _c10360
_d17860